000 00674nas a2200229 4500
001 BR0101444
003 BR-BrBNA
005 20231205102146.0
007 ta
008 230509b bl.|||p| |||| 00| 00por d
040 _aBR-BrBNA
_bpor
_cBiblioteca Nacional de Agricultura
041 _a(Pt)
072 _aQ80
100 1 _aFontes, L.F.
245 1 _aDestinacao correta das embalagens vazias que continham defensivos agricolas
650 _aEmbalagem
650 _aReciclagem
650 _aDefensivo
773 0 _tBiologico (Brazil)
_xISSN 0366-0567
_g(Jul-Dec 1997), v. 59(2) p. 87-89
_wBR0101444
909 _a202311
_bLúcia
_c55
_dLúcia Elande
942 _2AGRIS
_n0
_cANA
999 _c166038
_d166038